000 00295nam a2200109Ia 4500
008 220204s9999 xx 000 0 und d
082 _aNR:339.1
_bJUM
100 _aJumpasut, Prachaya
245 0 _aNatural rubber futures markets and why they are necessary
260 _aLondon
_bIRSG
942 _cBK
999 _c40954
_d40954